Stati per Emissioni di Anidride Carbonica pro capite - Statistics

Statistiche generali
  • Questo quiz è stato fatto 6 volte
  • Il punteggio medio è 5 su 15
Statistiche sulle risposte
Emissioni CO2 (ktCO2 / persona / anno) Continente Nazione % Corretto
15,12 Oceania Australia
100%
12,85 Asia / Europa Kazakistan
67%
13,31 Asia / Europa Russia
67%
15,22 America del Nord Canada
50%
59,00 Oceania Palau
50%
16,98 Asia Arabia Saudita
33%
14,44 Europa Regno Unito
33%
21,31 Asia Bahrein
17%
21,75 Asia Emirati Arabi Uniti
17%
24,90 Asia Kuwait
17%
17,09 Asia Oman
17%
35,52 Asia Qatar
17%
20,65 Asia Brunei
0%
12,23 Europa Lussemburgo
0%
21,17 America del Nord Trinidad e Tobago
0%
Nessun quiz corrispondente trovato
Distribuzione punteggi
Percentuale di utenti per punteggio
Percentile per numero di risposta
I tuoi punteggi nel tempo
Non hai fatto questo quiz